Capitalización heterogénea de un bien semipúblico: el Metro de Santiago

Salvato in:
Dettagli Bibliografici
Autori principali: Agostini González, Claudio Andrés (Autore), Palmucci, Gastón A (Autore)
Natura: Libro
Lingua:spagnolo
Pubblicazione: Santiago Universidad Alberto Hurtado 2006
Serie:Serie Documentos de Investigación, I-175
Soggetti:
Tags: Aggiungi Tag
Nessun Tag, puoi essere il primo ad aggiungerne!!

MARC

LEADER 00000nam a2200000 a 4500
001 UCJ2289
003 CL-VaPUC
008 061207e20060000CL |||||||||||||||||spa|d
082 0 4 |a 332.632  |b AGO  |2 21 
100 0 |a Agostini González, Claudio Andrés  |e author  |9 503284 
700 0 |a Palmucci, Gastón A  |e author  |9 503285 
245 1 0 |a Capitalización heterogénea de un bien semipúblico: el Metro de Santiago 
300 |a 30 p 
942 |c BK 
945 |d 20061207 00:00:00  |a cmena 
260 |a Santiago  |b Universidad Alberto Hurtado  |c 2006 
600 0 7 |a METRO DE SANTIAGO  |2 CL-VaPUC  |9 503286 
650 0 |a Viviendas   |9 255326 
650 0 |a Precios   |9 260787 
650 0 |a Proyectos de inversión   |9 261065 
650 0 |a Bienes raíces  |9 307158 
650 7 |a PLUSVALIA  |2 CL-VaPUC  |9 503287 
583 |a last modification  |c 20190627 10:27:22  |k Rodrigo Vera 
490 0 |a Serie Documentos de Investigación, I-175 
999 |c 318637  |d 318635 
952 |0 0  |1 0  |4 0  |6 332_632000000000000_AGO_2006  |7 0  |8 A  |9 396584  |a BIBING  |b BIBING  |d 2019-11-22  |i 4300955  |o 332.632 AGO 2006  |p 4300955  |r 2025-01-20  |w 2019-11-22  |y BK  |k ING